MLB #1 Prospects - Statistics

General Stats
  • This quiz has been taken 28 times
  • The average score is 11 of 14
Answer Stats
Year Team Position Answer % Correct
2022 KCR SS Bobby Witt Jr
100%
2023 BAL SS Gunnar Henderson
100%
2024 BAL SS Jackson Holliday
100%
2018 LAA SP / DH Shohei Ohtani
96%
2025 LAD SP Roki Sasaki
91%
2020-2021 TB SS Wander Franco
91%
2011-2012 WAS OF Bryce Harper
87%
2019 TOR 3B Vladimir Guerrero Jr
83%
2014 MIN CF Byron Buxton
78%
2015 CHC 3B Kris Bryant
78%
2016 LAD SS Corey Seager
74%
2017 BOS OF Andrew Benintendi
43%
2010 ATL OF Jayson Heyward
39%
2013 TEX OF Jurickson Profar
35%
No matching quizzes found
Score Distribution
Percent of People with Each Score
Percentile by Number Answered
Your Score History
You have not taken this quiz